ბათუმის შოთა რუსთაველის სახელმწიფო უნივერსიტეტის ბიბლიოთეკა

Delivering Employability Skills in the Lifelong Learning Sector (ბიბ.ჩანაწერი № 51448)

000 -LEADER
fixed length control field 00625nam a2200217Ia 4500
001 - CONTROL NUMBER
control field 18434
003 - CONTROL NUMBER IDENTIFIER
control field GE_BSU
008 - FIXED-LENGTH DATA ELEMENTS--GENERAL INFORMATION
fixed length control field 181216s||||||||xx |||||||||||||| ||und||
020 ## - INTERNATIONAL STANDARD BOOK NUMBER
International Standard Book Number 978-1844452958
040 ## - CATALOGING SOURCE
Transcribing agency GE_BSU
080 ## - UNIVERSAL DECIMAL CLASSIFICATION NUMBER
Universal Decimal Classification number 371
100 ## - MAIN ENTRY--PERSONAL NAME
Personal name Gravells,Ann
245 ## - TITLE STATEMENT
Title Delivering Employability Skills in the Lifelong Learning Sector
260 ## - PUBLICATION, DISTRIBUTION, ETC.
Name of publisher, distributor, etc. Learnig Matters
260 ## - PUBLICATION, DISTRIBUTION, ETC.
Date of publication, distribution, etc. 2010
300 ## - PHYSICAL DESCRIPTION
Extent 117p;25cm
653 ## - INDEX TERM--UNCONTROLLED
Uncontrolled term Delivering Employability Skills in the Lifelong Learning Sector
653 ## - INDEX TERM--UNCONTROLLED
Uncontrolled term პედაგოგიკა
653 ## - INDEX TERM--UNCONTROLLED
Uncontrolled term სწავლის სტანდარტები
942 ## - ADDED ENTRY ELEMENTS (KOHA)
Koha item type წიგნი
ეგზემპლარები
Withdrawn status Lost status Damaged status Not for loan Date acquired Barcode Date last seen Price effective from Koha item type
        2018-12-17 47266 2018-12-17 2018-12-17 წიგნი